| 000 | 00476nam a22001817a 4500 | ||
|---|---|---|---|
| 005 | 20180905165950.0 | ||
| 010 | _aENG-123961 | ||
| 020 | _c350.00 | ||
| 035 | _aEN-107493 | ||
| 037 | _bDBAD/PUB | ||
| 082 | _a515.63 | ||
| 100 | _aMondal, J.P. | ||
| 245 |
_aTensor / _cby J.P. Mondal |
||
| 260 |
_aCalcutta _bKalpataru Publishers _c2018 |
||
| 270 |
_bCalcutta _a19Q Jheel Road _e700031 |
||
| 300 |
_a120p _c21cm.(Hb.) |
||
| 942 |
_2ddc _cEN _mMON _h515.63 |
||
| 999 |
_c156904 _d156904 |
||